Guess The Country By Population #2 - Statistics

General Stats
  • This quiz has been taken 17 times
  • The average score is 6 of 15
Answer Stats
Hint Answer % Correct
1,408,280,000 China
100%
340,110,988 United States
57%
204,153,622 Brazil
50%
281,603,800 Indonesia
50%
66,351,959 France
43%
128,500,000 Mexico
43%
106,556,000 Egypt
36%
58,934,177 Italy
36%
63,015,904 South Africa
29%
10,587,710 Sweden
29%
88,550,000 Iran
21%
5,356,700 New Zealand
21%
85,664,944 Turkey
21%
53,057,212 Colombia
14%
18,045,532 Netherlands
14%
No matching quizzes found
Score Distribution
Percent of People with Each Score
Percentile by Number Answered
Your Score History
You have not taken this quiz